01030 2200349 4500001002100000005001500021035002500036020002200061040001700083041000800100082001700108084001700125090002100142090001900163090002100182100001600203245013000219250003200349260003200381300002800413504003100441650003100472850001200503007000300515008004100518500001100559651003200570999002100602990002100623990001800644990001800662INLIS00000000002643420190807101408 a0010-031700000000544 a978-602-60933-0-1 aYOPDYOGbeng0 aeng04223a320.9598 a320.9598 Dil aDEP 320.9598 Dil aT 320.9598 Dil aCB-D.11 2017-1261 aDjani, Luky1 aDilemmas of populist transactionalism :bwhat are the prospects now for popular politics in Indonesia /cLuky Djani...[et.al] aEdisi pertama, Januari 20173 aYogyakarta :bPolgov,c2017 avi, 96 halaman ;c20 cm aBibliografi: halaman 83-90 aHukum perdata--zIndonesia aYOPDYOGta170327s2017 yoi gr eng d aIndeks 4aIndonesia--xPolitik sosial aCB-D.11/2017-126 aCB-D.11/2017-126 a58659-PD/A.18 a58660-PD/A.18